|
|
|
|
| LEADER |
00000cam a2200000 a 4500 |
| 001 |
UCC3635 |
| 003 |
CL-VaPUC |
| 008 |
180531e20120000sp |||||||||||||||||spa|d |
| 020 |
|
|
|a 9788428215886
|
| 082 |
0 |
4 |
|a 550
|b DEM
|2 21
|
| 100 |
0 |
|
|a Demmler, Petra
|e author
|9 597692
|
| 245 |
1 |
3 |
|a El mar: agua, hielo y clima
|
| 250 |
|
|
|a 1a. ed
|
| 300 |
|
|
|a 190 p
|
| 942 |
|
|
|c BK
|
| 945 |
|
|
|d 20180531 16:15:00
|a dcastane
|
| 260 |
|
|
|a Barcelona
|b Omega
|c 2012
|
| 650 |
|
0 |
|a Mar
|9 357500
|
| 650 |
|
0 |
|a Océanos
|9 344473
|
| 650 |
|
7 |
|a OCENAOGRAFIA
|2 CL-VaPUC
|9 261944
|
| 650 |
|
0 |
|a Olas
|9 261446
|
| 650 |
|
0 |
|a Mareas
|9 261385
|
| 583 |
|
|
|a last modification
|c 20180531 16:15:00
|k Rodrigo Vera
|
| 999 |
|
|
|c 371327
|d 371325
|